000 01017nam a2200289Ia 4500
001 E7867
003 IT-RoPAU
008 130308s9999 xx 000 0 und d
040 _aIT-RoPAU
040 _cIT-RoPAU
041 _aINGLESE
100 _aMaxwell Richard
100 _gCodice Aut. SPICS: 45860
245 _aInternational Communication: the control of Difference and the Global Market
245 _bInternational Communication And Globalization
250 _a1a ed.
260 _aLONDON
260 _bSage Publications Ltd
260 _c1997 [1° Ed.:1997 - Ed.Ling.Originale:1997]
300 _a"19 p. (prefazione: no ; testo: 19 [pagine: 191-209])"
500 _aComunicazione Internazionale: Controllo delle Differenze e mercato Globale. ricerche di mercato su Bisogni e Desideri della Gente. consumo Moderno Dipende da Condizioni Culturali Locali.
650 _aTEORIA DELLA COMUNICAZIONE SOCIALE
650 _eCodice materia Spics: 3802
942 _cBK
957 _71
999 _c79598
_d79598
999 _g1